| 000 | 02136cam a2200337 i 4500 | ||
|---|---|---|---|
| 001 | 17844353 | ||
| 003 | EG-ScBUE | ||
| 005 | 20240805095202.0 | ||
| 008 | 130808s2013 enkao f b 001 0 eng d | ||
| 020 | _a9781780764665 (pbk.) | ||
| 040 |
_aDLC _beng _erda _cDLC _dDLC _dEG-ScBUE |
||
| 043 | _af-ua--- | ||
| 082 | 0 | 4 |
_222 _bIBR _a962.004932 |
| 100 | 1 |
_aIbrahim, Vivian, _eauthor. _938333 |
|
| 245 | 1 | 4 |
_aThe Copts of Egypt : _bthe challenges of modernisation and identity / _cVivian Ibrahim. |
| 264 | 1 |
_aLondon ; _aNew York : _bI. B. Tauris, _c2013. |
|
| 300 |
_axv, 258 pages : _bphotographs, tables ; _c22 cm |
||
| 336 |
_2rdacontent _atext _btxt |
||
| 337 |
_aunmediated _2rdamedia _bn |
||
| 338 |
_avolume _bnc _2rdacarrier |
||
| 504 | _aIncludes bibliographical references and index. | ||
| 505 | 0 | _aInter-communal relations : the Copts and the state (1805-1946). Religion and state-building in the Khedival period (1798-1882) ; The making of new national identities (1882-1919) ; Constitutional politics and political Islam (1922-1946) -- Intra-communal relations : the Coptic community from within (1882-1954). Benevolence and philanthropy (1882-1945) ; Factionalism and corruption (1882-1945) ; A Coptic revolution : Harakat Al-Tathir (1952-1954). | |
| 520 | _a"The Copts of Egypt, who make up 10-15 percent of the population, have traditionally been viewed as a 'beleaguered and persecuted minority.' Using newly discovered Coptic archival sources, Vivian Ibrahim presents a fresh and vivid alternative reading of the community during the twentieth centry. Avoiding the established portrayal of a monolithic entity headed by the Coptic Pope, Ibrahim examines the multifaceted dimensions of the Coptic community, assessing Coptic-State relations on one hand and Coptic intra-communal dimensions on the other."--P. [2] of jacket. | ||
| 650 | 7 |
_aCopts _xHistory. _2BUEsh |
|
| 650 | 7 |
_aReligious minorities _zEgypt. _2BUEsh |
|
| 650 | 7 |
_aMinorities _zEgypt _xSocial conditions. _2BUEsh |
|
| 651 | 7 |
_aEgypt _xEthnic relations. _2BUEsh |
|
| 653 |
_bBUSBOL _cJune2015 _cAugust2015 |
||
| 655 |
_vReading book _934232 |
||
| 942 |
_2ddc _cBB |
||
| 999 |
_c19801 _d19773 |
||